Simulation

Enregistré dans:
Détails bibliographiques
Format: Publication en série
Publié: 1972
Tags: Ajouter un tag
Pas de tags, Soyez le premier à ajouter un tag!

MARC

LEADER 00000nas a22000003a 4500
001 stu70104
005 20141122000554.4
008 011106s1972----------------------------d
040 |a STU  |b slo 
041 0
245 |a Simulation 
260 |c 1972 
500 |a 1972 
500 |a 12 
500 |a 1-6 
773 0 |t Simulation :  |w stu_us_cat*stu60284  |x 0037-5497  |7 nnas 
996 |d Vol. 18, 1972  |v Vol. 18  |y 1972  |l II680  |s A  |a 24  |w stu70104_0001